Patty Paradise : le avventure di Patty Pravo /
Saved in:
| Main Authors: | , |
|---|---|
| Format: | Bog |
| Sprog: | italiensk |
| Udgivet: |
Bologna :
Puntozero,
\2000!
|
| Serier: | Punto spot ;
7 |
| Tags: |
Ingen Tags, Vær først til at tagge denne postø!
|
MARC
| LEADER | 00000nam a22000007i 4500 | ||
|---|---|---|---|
| 001 | IT\ICCU\REA\0048592 | ||
| 003 | ItRI | ||
| 005 | 20240905181811.0 | ||
| 008 | 000417s1999 it |||||| ||||| |||||c | ||
| 020 | |a 8886945272 | ||
| 040 | |b ita |c CDM | ||
| 041 | 7 | |a ita |2 ISO-639-2 | |
| 100 | 1 | |a Bacilieri, Paolo |0 IT\ICCU\VIAV\096871 |4 aut | |
| 245 | 1 | 0 | |a Patty Paradise : |b le avventure di Patty Pravo / |c Paolo Bacilieri, Franco Busatta. |
| 260 | |a Bologna : |b Puntozero, |c \2000! | ||
| 300 | |a 122 p. : |b ill. ; |c 17 cm. | ||
| 700 | 1 | |a Busatta, Franco |0 IT\ICCU\REAV\095970 |4 aut | |
| 830 | 0 | |a Punto spot ; |v 7 |0 IT\ICCU\UBO\0317000 | |
| 942 | |2 ddc |c BK | ||
| 952 | |0 0 |1 0 |2 ddc |4 0 |6 782_421000000000000_BAC_PAT |7 1 |9 1881 |a RA |b RA |d 2024-09-05 |l 0 |o 782.421 BAC PAT |p 9478 |r 2024-09-05 18:19:05 |w 2024-09-05 |y BK |z Donazione di Pietro Brentini | ||
| 981 | 1 | |6 z01 |a i |b xxxe | |
| 982 | 1 | |6 z01 |a n | |
| 999 | |c 1659 |d 1659 | ||